zpět

Detail výsledku týmu

Pivovar Parník, Přerov

Datum a čas kvízu

26 Celkem bodů Celkový počet nahraných bodů na tomto kvízu bez doplňovacích otázek.
6. Pořadí na kvízu Konečné umístění týmu na tomto kvízu.

Zaznamenané odpovědi

# Otázka Odpověď Body Výsledky
1. Minulý týden vyšla zpráva o to... hranolka / hranolek 0
2. Britská královská pošta předst... A) květiny 1
3. Jeden ze dvou původních aktivn... Brian May 1
4. Americký Národní úřad pro lete... nové skafandry 1
5. Světem koňských dostihů minulý... C 0
5. V následujícím tématu se budem... kilogram (kg) 0
7. V 19. a 20. století byl předev... svítiplyn 1
8. Mezi obnovitelné zdroje patří... v Ústí nad Labem 0
9. Součástí naprosté většiny elek... alternátor 1
10. Téma zakončíme otázkou na jade... 3 0